| 000 | 01348cam a22003855a 4500 | ||
|---|---|---|---|
| 001 | 15688222 | ||
| 003 | EG-ScBUE | ||
| 005 | 20241222092018.0 | ||
| 008 | 090406t2010 njuab f b 001 0 eng d | ||
| 020 | _a9780131369375 | ||
| 020 | _a0131369377 | ||
| 035 | _a(OCoLC)ocn268788757 | ||
| 040 |
_aDLC _beng _erda _cDLC _dYDX _dBTCTA _dYDXCP _dDLC _dEG-ScBUE |
||
| 082 | 0 | 4 |
_a526.9 _bKAV _222 |
| 100 | 1 |
_aKavanagh, Barry F., _eauthor. _912952 |
|
| 245 | 1 | 0 |
_aSurveying with Construction Applications / _cBarry F. Kavanagh, Seneca College, Emeritus. |
| 250 | _aSeventh edition. | ||
| 250 | _aInternational edition. | ||
| 264 | 1 |
_aUpper Saddle River, New Jersey : _bPrentice Hall, _c[2010] |
|
| 264 | 4 | _cc2010 | |
| 300 |
_a1 volume (various pagings) : _billustrations (some color), color maps ; _c24 cm |
||
| 336 |
_2rdacontent _atext _btxt |
||
| 337 |
_aunmediated _2rdamedia _bn |
||
| 338 |
_avolume _bnc _2rdacarrier |
||
| 500 | _aIncludes appendix. | ||
| 504 | _aIncludes bibliographical references and index. | ||
| 590 | _aMenna Elemam | ||
| 650 | 7 |
_aSurveying. _912953 _2BUEsh |
|
| 650 | 7 |
_aBuilding sites. _912954 _2BUEsh |
|
| 651 | _2BUEsh | ||
| 653 |
_bENGCIV _cAugust2015 |
||
| 655 | _vReading book | ||
| 942 |
_2ddc _cNB |
||
| 999 |
_c13746 _d13746 |
||